| 000 | 00399nam a22001697a 4500 | ||
|---|---|---|---|
| 005 | 20160628114413.0 | ||
| 008 | 160628b xxu||||| |||| 00| 0 eng d | ||
| 020 | _a81-207-1993-2 | ||
| 041 | _aeng | ||
| 082 | _b10761 | ||
| 100 |
_aParthasarathy, Ranga S _93036 |
||
| 245 | _aJournalism in India | ||
| 260 |
_bSterling _c2004 |
||
| 300 | _a334 | ||
| 650 |
_aMass Communication _92660 |
||
| 942 | _cBK | ||
| 999 |
_c4404 _d4403 |
||